header

Free radicals and diseases (Record no. 77662)

MARC details
000 -LEADER
fixed length control field 01545nam a2200325Ia 4500
082 04 - DEWEY DECIMAL CLASSIFICATION NUMBER
Classification number 616.07
245 10 - TITLE STATEMENT
Title Free radicals and diseases
260 ## - PUBLICATION, DISTRIBUTION, ETC. (IMPRINT)
Place of publication Amsterdam ;
-- Oxford :
Name of publisher IOS Press,
Year of publication c2005.
300 ## - PHYSICAL DESCRIPTION
Number of Pages viii, 193 p. :
Other physical details ill.
490 1# - SERIES STATEMENT
Series statement NATO science series. Series I, Life and behavioural sciences,
650 #0 - SUBJECT ADDED ENTRY--TOPICAL TERM
Topical Term Free radicals (Chemistry)
Topical Term Active oxygen
700 1# - ADDED ENTRY--PERSONAL NAME
Personal name Grune, Tilman.
856 40 - ELECTRONIC LOCATION AND ACCESS
Uniform Resource Identifier http://site.ebrary.com/lib/rucke/Doc?id=10130668

No items available.

© 2026 Rongo University
Contact us: librarian | system librarian | Rongo university